Statistics for Identify the Flag- Europe

Click here to take the quiz!

General Stats

  • This quiz has been taken 32 times
  • The average score is 8 of 8

Answer Stats

Answer% Correct
Albania
100%
Cyprus
100%
Malta
100%
Norway
100%
Estonia
97%
Lithuania
94%
Bosnia and Herzegovina
90%
San Marino
87%

Score Distribution

Percentile by Number Answered

Percent of People with Each Score

Your Score History

You have not taken this quiz